000 00635nam a22002177a 4500
003 OSt
005 20151023142930.0
008 151023b xxu||||| |||| 00| 0 eng d
020 _a9780803625747
040 _cDNLM
082 _aWB541 K64t 2012
100 _aKisner, Carolyn; Colby, Lynn Allen
_95891
245 _aTherapeutic exercise:
_bfoundations and techniques
250 _a6th ed.
260 _aPhiladelphia;
_bF.A. Davis company
_c2012
300 _axxxii,1023p;
_bcol.ill:
_c28cm
504 _aReferences, glossary, & index included
650 _aTherapeutics
_91626
650 _aPhysiotherapy
_91959
942 _2z
_cO_SHELF
999 _c2349
_d2349